Loading...
Light alloys: metallurgy of the light metals
| Main Author: | |
|---|---|
| Format: | Printed Book |
| Published: |
London, Edward Arnold
1989
|
| Edition: | Ed.2 |
| Subjects: |
| LEADER | 005090000a22001690004500 | ||
|---|---|---|---|
| 020 | |a 0-340-49175-2 | ||
| 082 | |a 669.72 M1;M9 | ||
| 100 | |a Polmear, I J | ||
| 245 | |a Light alloys: metallurgy of the light metals | ||
| 250 | |a Ed.2 | ||
| 260 | |a London, Edward Arnold | ||
| 260 | |c 1989 | ||
| 465 | |a P 17.95 | ||
| 650 | |a Light Metal Alloys | ||
| 942 | |c BK | ||
| 999 | |c 7755 |d 7755 | ||
| 952 | |0 0 |1 0 |4 0 |6 669_720000000000000_M1M9 |7 0 |8 ENG |9 7549 |a MGUL |b MGUL |d 2013-07-16 |e P 17.95 |l 0 |o 669.72 M1;M9 |p 06659 |r 2013-07-16 |w 2013-07-16 |y BK | ||